000 00274 a2200121 4500
001 147102
040 _cEscola São Tomás de Aquino
100 _aMACHADO, Ana Maria
240 1 0 _aQuem me dera
_lpor
245 1 0 _aQuem me dera
697 _a*LITERATURA INFANTO
942 _cBK
999 _c147102
_d147102